02854 2201177 4500001002100000005001500021035002000036245007800056100001500134250001700149300003600166260003100202082001100233084001700244020002200261650002400283008004100307990001600348990001600364990001600380990001600396990001600412990001600428990001600444990001600460990001600476990001600492990001600508990001600524990001600540990001600556990001600572990001600588990001600604990001600620990001600636990001600652990001600668990001600684990001600700990001600716990001600732990001600748990001600764990001600780990001600796990001600812990001600828990001600844990001600860990001600876990001600892990001600908990001600924990001600940990001600956990001600972990001600988990001601004990001601020990001601036990001601052990001601068990001601084990001601100990001601116990001601132990001601148990001601164990001601180990001601196990001601212990001601228990001601244990001601260990001601276990001601292990001601308990001601324990001601340990001601356990001601372990001601388990001601404990001601420990001601436990001601452990001601468990001601484990001601500990001601516990001601532990001601548990001601564990001601580990001601596990001601612990001601628990001601644990001601660INLIS00000000000046420250705034230 a0010-07240000191 aSejarah Kebudayaan Islam 1 :bKelas III Madrasah Ibtidaiyah /cUbaedillah0 aUbaedillah acetakan ke-1 axii, 138 hlm :bilus ;c25,5 cm aBogor :bYudhistira,c2020 a297.09 a297.09 UBA s a978-602-445-997-0 4aBuku Teks Pelajaran250705 0  a00000001663 a00000001658 a00000001659 a00000001660 a00000001661 a00000001662 a00000001664 a00000001665 a00000001666 a00000001667 a00000001668 a00000001669 a00000001670 a00000001671 a00000001672 a00000001673 a00000001674 a00000001675 a00000001676 a00000001677 a00000001678 a00000001679 a00000001680 a00000001681 a00000001682 a00000001683 a00000001684 a00000001685 a00000001686 a00000001687 a00000001688 a00000001689 a00000001690 a00000001691 a00000001692 a00000001693 a00000001694 a00000001695 a00000001696 a00000001697 a00000001698 a00000001699 a00000001700 a00000001701 a00000001702 a00000001703 a00000001704 a00000001705 a00000001706 a00000001707 a00000001708 a00000001709 a00000001710 a00000001711 a00000001712 a00000001713 a00000001714 a00000001715 a00000001716 a00000001717 a00000001718 a00000001719 a00000001720 a00000001721 a00000001722 a00000001723 a00000001724 a00000002591 a00000002592 a00000002593 a00000002594 a00000002595 a00000002596 a00000002597 a00000002598 a00000002599 a00000002600 a00000002623 a00000006325 a00000006326 a00000006921 a00000006922 a00000006923